000 00377nam a2200145Ia 4500
005 20250405181247.0
008 240331s9999 xx 000 0 und d
082 _bSAT
_a894
100 _aSathasivam, M
245 0 _aUlakath thamiliyakka aaivu kovai
260 _aIrodu
_bUlaga thamilyagam
_c2004
300 _a264 p .,
500 _aPechutamil karutharagu kadoorai
942 _cL
999 _c3746
_d3746